|
|
|
|
| LEADER |
00000cam a22000004a 4500 |
| 001 |
musev2_52249 |
| 003 |
MdBmJHUP |
| 005 |
20230905045556.0 |
| 006 |
m o d |
| 007 |
cr||||||||nn|n |
| 008 |
171009s2015 miu o 00 0 eng d |
| 010 |
|
|
|z 2015295700
|
| 020 |
|
|
|a 9780472900176
|
| 020 |
|
|
|z 9780472120994
|
| 020 |
|
|
|z 9780472052585
|
| 020 |
|
|
|z 9780472072583
|
| 035 |
|
|
|a (OCoLC)1017611483
|
| 040 |
|
|
|a MdBmJHUP
|c MdBmJHUP
|
| 100 |
1 |
|
|a Ridge, Ryan,
|e author.
|
| 245 |
1 |
0 |
|a American Homes /
|c Ryan Ridge.
|
| 264 |
|
1 |
|a Ann Arbor :
|b University of Michigan Press,
|c [2015]
|
| 264 |
|
3 |
|a Baltimore, Md. :
|b Project MUSE,
|c 2018
|
| 264 |
|
4 |
|c ©[2015]
|
| 300 |
|
|
|a 1 online resource (128 pages):
|b illustrations
|
| 336 |
|
|
|a text
|b txt
|2 rdacontent
|
| 337 |
|
|
|a computer
|b c
|2 rdamedia
|
| 338 |
|
|
|a online resource
|b cr
|2 rdacarrier
|
| 490 |
0 |
|
|a Twenty-First Century Prose series
|
| 500 |
|
|
|a Includes index.
|
| 505 |
0 |
0 |
|t Part III (anatomy) --
|t Different voices/different rooms --
|t Ideas --
|t Ghandi's idea --
|t Idea for garage --
|t Idea for hallway --
|t Idea for closet --
|t Idea for foyer --
|t Idea for skylight --
|t Idea for nursery --
|t Idea for outdoor office chair --
|t Idea for porch swing party --
|t Idea for kitchen sink --
|t Idea for dining room --
|t Idea for home antenna --
|t Idea for balcony --
|t Idea for White House --
|t Idea for American dream house --
|t Idea for neighbors --
|t Idea for stairs.
|
| 506 |
0 |
|
|a Open Access
|f Unrestricted online access
|2 star
|
| 520 |
|
|
|a American Homes incorporates poetry, prose, and various schematic devices, including dozens of illustrations by the artist Jacob Heustis, to create a cracked narrative of the domestic spaces we inhabit.
|
| 588 |
|
|
|a Description based on print version record.
|
| 650 |
|
7 |
|a Short stories.
|2 fast
|0 (OCoLC)fst01117043
|
| 650 |
|
7 |
|a American fiction.
|2 fast
|0 (OCoLC)fst00807048
|
| 650 |
|
7 |
|a FICTION
|x General.
|2 bisacsh
|
| 650 |
|
7 |
|a short stories.
|2 aat
|
| 650 |
|
6 |
|a Nouvelles.
|
| 650 |
|
6 |
|a Roman americain.
|
| 650 |
|
0 |
|a Short stories.
|
| 650 |
|
0 |
|a American fiction.
|
| 655 |
|
7 |
|a Poesie.
|2 rvmgf
|
| 655 |
|
7 |
|a Romans.
|2 rvmgf
|
| 655 |
|
7 |
|a Nouvelles.
|2 rvmgf
|
| 655 |
|
7 |
|a Novels.
|2 lcgft
|
| 655 |
|
7 |
|a Poetry.
|2 lcgft
|
| 655 |
|
7 |
|a Fiction.
|2 lcgft
|
| 655 |
|
7 |
|a Short stories.
|2 lcgft
|
| 655 |
|
7 |
|a Short stories.
|2 gsafd
|
| 655 |
|
7 |
|a Fiction.
|2 fast
|0 (OCoLC)fst01423787
|
| 655 |
|
7 |
|a Poetry.
|2 fast
|0 (OCoLC)fst01423828
|
| 655 |
|
7 |
|a Short stories.
|2 fast
|0 (OCoLC)fst01726740
|
| 655 |
|
7 |
|a poetry.
|2 aat
|
| 655 |
|
7 |
|a novels.
|2 aat
|
| 655 |
|
7 |
|a short stories.
|2 aat
|
| 655 |
|
7 |
|a Electronic books.
|2 local
|
| 710 |
2 |
|
|a University of Michigan.
|b Press,
|e publisher.
|
| 710 |
2 |
|
|a Project Muse.
|e distributor
|
| 830 |
|
0 |
|a Book collections on Project MUSE.
|
| 856 |
4 |
0 |
|z Texto completo
|u https://projectmuse.uam.elogim.com/book/52249/
|
| 945 |
|
|
|a Project MUSE - Archive Complete Supplement VI
|
| 945 |
|
|
|a Project MUSE - Archive Poetry, Fiction and Creative Non-Fiction Supplement VI
|